bad idea right? (Lyrics)- Olivia Rodrigo - Statistics

General Stats
  • This quiz has been taken 157 times
  • The average score is 357 of 415
Answer Stats
Answer % Correct
a
100%
I
100%
(I
100%
bad
99%
idea
99%
right
99%
right?
99%
But
97%
but
97%
Can't
97%
can't
97%
it
97%
It's
97%
it's
97%
my
97%
My
97%
in
96%
know
96%
you
96%
I'm
94%
see
94%
The
93%
the
93%
to
93%
and
91%
And
91%
friend
91%
said
91%
as
90%
hear
88%
on
88%
Seeing
88%
that
88%
goes
87%
him
87%
tonight
87%
brain
85%
ex
85%
Fuck
85%
he's
85%
lie
85%
people
85%
Should
85%
should
85%
Yes
85%
yes
85%
ever
84%
his
84%
reconnect?
84%
thoughts
84%
thoughts)
84%
Thoughts
84%
when
84%
your
84%
"Ah"
82%
all
82%
biggest
82%
me
82%
now
82%
Now
82%
only
82%
where
82%
friends
81%
two
81%
cannot
79%
car
79%
fine
79%
never
79%
up
79%
you're
79%
at
78%
Oh
78%
of
76%
sheets
76%
stop
76%
bed
75%
Haven't
75%
into
74%
I've
74%
new
74%
not
74%
couple
72%
heard
72%
here
72%
look
72%
remember
72%
fell
71%
from
71%
just
71%
men
71%
months
71%
probably
71%
seen
71%
tripped
71%
was
71%
with
71%
address
69%
blah-blah-blah
69%
(Blah-blah-blah-blah-blah-blah)
69%
fucked
69%
hotter
69%
Like
69%
much
69%
really
69%
sending
69%
sure
69%
Blah
68%
God
68%
some
68%
told
68%
phone
65%
undertone
65%
we're
65%
alone
63%
asleep
63%
done
63%
gettin'
63%
through
63%
door
62%
sensing
60%
standing
60%
smiling
59%
plans
57%
second
57%
calling
56%
or
56%
out
56%
floor
54%
whose
54%
place
51%
wreckin'
51%
pull
46%
Hey
40%
No matching quizzes found
Score Distribution
Percent of People with Each Score
Percentile by Number Answered
Your Score History
You have not taken this quiz